| Registos Bibliográficos associados ao registo de autoridade |
|
Etiqueta de registo: 00542cam 2200181 450 001 1227309 003 http://id.bnportugal.gov.pt/bib/catbnp/1227309 021 ## $aPT$b198268/03 100 ## $a20031104d2003 m y0pory0103 ba 101 0# $apor 105 ## $ay z 001yy 106 ## $ar 200 1# $a A missão espiritana no sudoeste de Angola$fSerafim Lourenço$gpref. Zacarias Kamwenho 210 #9 $aLisboa$cMissionários do Espírito Santo,$dD.L. 2003 215 ## $a234 p.$d23 cm 320 ## $aBibliografia, p. 229-230 675 ## $a266(673-14)$31176951 700 #1 $aLourenço,$bSerafim$3190006 702 #1 $aKamwenho,$bZacarias,$f1934-2026$4080$31143119 900 ## $aBIBNAC$d20130602 966 ## $lBN$mFGMON$sR. 22588 V.$x1 966 ## $lBN$mFGMON$sR. 22588 V.$x1
|
|
|